[Event "Leca da Palmeira 2nd"]
[Site "Leca da Palmeira"]
[Date "2023.08.01"]
[Round "3"]
[White "Garcia Fernandez, Manuel"]
[Black "Margarido, Jose Miguel Teixeir"]
[Result "0-1"]
[WhiteElo "1563"]
[BlackElo "2100"]
[PlyCount "74"]
[EventDate "2023.07.31"]
[EventType "swiss"]
[EventRounds "9"]
[EventCountry "POR"]
[SourceTitle "CBM 215 Extra"]
[Source "ChessBase"]
[SourceDate "2023.09.30"]
[SourceVersion "1"]
[SourceVersionDate "2023.09.30"]
[SourceQuality "1"]

1. e4 c5 2. Nf3 e6 3. d4 cxd4 4. Nxd4 Nc6 5. Nc3 a6 6. Be2 Qc7 7. 0-0 Nf6 8. Be3 Be7 9. Nb3 0-0 10. f4 d6 11. Qe1 b5 12. a3 Bb7 13. Qg3 b4 14. axb4 Nxb4 15. Bd3 Rab8 16. Nd4 Nxd3 17. cxd3 Rfe8 18. f5 e5 19. Nf3 d5 20. Bh6 Nh5 21. Qg4 Qb6+ 22. Kh1 Qxh6 23. exd5 Nf6 24. Qg3 Nxd5 25. Nxe5 Ne3 26. Ng4 Nxg4 27. Qxg4 Qh4 28. Qxh4 Bxh4 29. Kg1 Bf6 30. Rfe1 h6 31. Kf1 Rxe1+ 32. Rxe1 Bc6 33. Re2 Rb4 34. Nd1 Bb5 35. Rd2 Bg5 36. Rf2 Bxd3+ 37. Ke1 Re4+ 0-1

[Event "Helmond Rapid op"]
[Site "Helmond"]
[Date "2023.06.10"]
[Round "4"]
[White "Margarido, Jose Miguel Teixeir"]
[Black "Karssenberg, Arnout"]
[Result "1/2-1/2"]
[WhiteElo "2120"]
[BlackElo "1814"]
[PlyCount "237"]
[EventDate "2023.06.10"]
[EventType "swiss (rapid)"]
[EventRounds "9"]
[EventCountry "NED"]
[SourceTitle "CBM 214 Extra"]
[Source "ChessBase"]
[SourceDate "2023.07.31"]
[SourceVersion "1"]
[SourceVersionDate "2023.07.31"]
[SourceQuality "1"]

1. c4 Nf6 2. g3 e6 3. Bg2 d5 4. Nf3 Be7 5. 0-0 0-0 6. b3 b6 7. d4 Bb7 8. Bb2 Nbd7 9. Nc3 c5 10. Ne1 cxd4 11. Qxd4 Bc5 12. Qd1 Qe7 13. cxd5 Nxd5 14. Nxd5 exd5 15. Nd3 Bd6 16. e3 Rad8 17. Bd4 Rfe8 18. Qd2 Nc5 19. Rfd1 Ne4 20. Qb2 f6 21. Nf4 Bxf4 22. gxf4 Rc8 23. Rac1 Rxc1 24. Rxc1 Qd7 25. Qe2 Rc8 26. Rc2 Rxc2 27. Qxc2 Qc6 28. Qd1 Nc3 29. Qc2 Ne4 30. Qb2 Ba6 31. f3 Nd6 32. a4 Nf5 33. Bh3 Nxd4 34. Qxd4 Qc1+ 35. Kf2 Qc2+ 36. Kg3 Qg6+ 37. Bg4 Bb7 38. f5 Qe8 39. f4 Qe4 40. Qxe4 dxe4 41. Be2 Kf7 42. Bc4+ Ke7 43. Bg8 h6 44. Be6 g6 45. h4 gxf5 46. Bxf5 Bd5 47. b4 a5 48. bxa5 bxa5 49. Kg4 Kf7 50. Kh5 Kg7 51. Bd7 Bf7+ 52. Kg4 Bd5 53. f5 Kf7 54. Kf4 Kg7 55. Be6 Bc6 56. Bc8 Kf7 57. Be6+ Kg7 58. Bb3 Kf8 59. Kg4 Kg7 60. Kh5 Kh7 61. Bc2 Kg7 62. Bb3 Kh7 63. Kg4 Kg7 64. Kg3 Kh7 65. Kg4 Kg7 66. Bc2 Kh7 67. Kg3 Kg7 68. Bd1 Kh7 69. Kf4 Kg7 70. Bc2 Kf7 71. Bb3+ Kg7 72. Kg3 Kh7 73. Kg4 Kg7 74. Kh5 Kh7 75. Bc2 Kg7 76. Kg4 Kf7 77. Kg3 Kg7 78. Kf4 Kf7 79. Bb3+ Kg7 80. Bd1 Kf7 81. Bh5+ Kg7 82. Bd1 Kf7 83. Bc2 Kg7 84. Bb3 Kh7 85. Bc2 Kg7 86. Kg3 Kf7 87. Bb3+ Kg7 88. Kf4 Kh7 89. Bc2 Kg7 90. Bd1 Kf7 91. Kg3 Kg7 92. Kg4 Kf7 93. Bb3+ Kg7 94. Bc2 Kf7 95. Kh5 Kg7 96. Bb3 Be8+ 97. Kg4 Bc6 98. Kh5 Be8+ 99. Kg4 Bc6 100. Kg3 Kh7 101. Kf4 Kg7 102. Bc2 Kf7 103. Kg4 Kg7 104. Bd1 Kf7 105. Kh5 Kg7 106. Bb3 Be8+ 107. Kg4 Bc6 108. Kg3 Kh7 109. Kf4 Kg7 110. Bc2 Kf7 111. Bd1 Kg7 112. Kg4 Kf7 113. Bb3+ Kg7 114. Kf4 Kh7 115. Kg4 Kg7 116. Bc2 Kf7 117. Kg3 Kg7 118. Kf2 Kf7 119. Kg3 1/2-1/2

[Event "Helmond Rapid op"]
[Site "Helmond"]
[Date "2023.06.10"]
[Round "5"]
[White "Ponomarev, Ivan1111"]
[Black "Margarido, Jose Miguel Teixeir"]
[Result "0-1"]
[WhiteElo "1780"]
[BlackElo "2120"]
[PlyCount "68"]
[EventDate "2023.06.10"]
[EventType "swiss (rapid)"]
[EventRounds "9"]
[EventCountry "NED"]
[SourceTitle "CBM 214 Extra"]
[Source "ChessBase"]
[SourceDate "2023.07.31"]
[SourceVersion "1"]
[SourceVersionDate "2023.07.31"]
[SourceQuality "1"]

1. c4 c5 2. g3 Nc6 3. Bg2 g6 4. Nc3 Bg7 5. Nf3 e5 6. 0-0 Nge7 7. e4 0-0 8. d3 d6 9. a3 a5 10. Rb1 h6 11. Bd2 f5 12. Nd5 fxe4 13. dxe4 Bg4 14. h3 Be6 15. b4 axb4 16. axb4 b6 17. Qc1 Kh7 18. Rd1 Rf7 19. Be3 Nd4 20. Bxd4 exd4 21. g4 Nc6 22. bxc5 bxc5 23. Nf4 Qd7 24. Qc2 Rxf4 25. e5 Raf8 26. Nh4 Nxe5 27. Re1 d3 28. Qd2 Rxf2 29. Qxf2 Rxf2 30. Kxf2 d2 31. Red1 Nxc4 32. Rb7 Qa4 33. Be4 Qxd1 34. Bxg6+ Kg8 0-1

[Event "Portuguese Masters"]
[Site "Lisbon"]
[Date "2022.12.18"]
[Round "4"]
[White "Martins, Bruno Andre Leite"]
[Black "Margarido, Jose Miguel Teixeir"]
[Result "1-0"]
[WhiteElo "2298"]
[BlackElo "2124"]
[PlyCount "81"]
[EventDate "2022.12.16"]
[EventType "tourn"]
[EventRounds "9"]
[EventCountry "POR"]
[SourceTitle "CBM 211 Extra"]
[Source "ChessBase"]
[SourceDate "2023.01.31"]
[SourceVersion "1"]
[SourceVersionDate "2023.01.31"]
[SourceQuality "1"]

1. e4 c6 2. d3 d5 3. Nd2 e5 4. Ngf3 Bd6 5. d4 exd4 6. exd5 Nf6 7. dxc6 Nxc6 8. Be2 0-0 9. 0-0 Re8 10. Nb3 Bg4 11. Bg5 h6 12. Bh4 g5 13. Bg3 Bxg3 14. hxg3 Qb6 15. a4 a5 16. Re1 Rad8 17. Bb5 Rxe1+ 18. Qxe1 Nb4 19. Nfxd4 Qc7 20. c3 Nbd5 21. Qb1 Ne7 22. Qf1 b6 23. Re1 Rd5 24. Nd2 Re5 25. Nc4 Rxe1 26. Qxe1 Ned5 27. Ne5 Bc8 28. Nec6 Kf8 29. Qe2 Qd6 30. Ne5 Qc7 31. Bd3 Ne7 32. Bc4 Ned5 33. Bb3 Qe7 34. Ndc6 Qc7 35. Qd2 Be6 36. Qd4 Kg8 37. Bc4 Qd6 38. Bb5 Qc7 39. c4 Ne7 40. Nxe7+ Qxe7 41. Nc6 1-0

[Event "POR-chT"]
[Site "Ovar"]
[Date "2022.07.18"]
[Round "4.3"]
[White "Ftacnik, Lubomir"]
[Black "Margarido, Jose Miguel Teixeir"]
[Result "1/2-1/2"]
[WhiteElo "2483"]
[BlackElo "2150"]
[PlyCount "72"]
[EventDate "2022.07.16"]
[EventType "team-tourn"]
[EventRounds "9"]
[EventCountry "POR"]
[SourceTitle "CBM 209 Extra"]
[Source "ChessBase"]
[SourceDate "2022.09.30"]
[SourceVersion "1"]
[SourceVersionDate "2022.09.30"]
[SourceQuality "1"]
[WhiteTeam "Gaia"]
[BlackTeam "EPGaia"]
[WhiteTeamCountry "POR"]
[BlackTeamCountry "POR"]

1. Nf3 Nf6 2. c4 e6 3. Nc3 d5 4. e3 Nbd7 5. b3 Bd6 6. Qc2 a6 7. Bb2 0-0 8. Be2 Re8 9. d4 b6 10. 0-0 Bb7 11. Rfd1 Qe7 12. cxd5 exd5 13. Rac1 g6 14. Bf1 h5 15. g3 Rad8 16. Bg2 Ng4 17. Ne5 Ndf6 18. Ne2 Rc8 19. Nf4 Nxe5 20. dxe5 Bxe5 21. Nxd5 Nxd5 22. Bxd5 Bxd5 23. Rxd5 Bxb2 24. Qxb2 c5 25. Rcd1 Red8 26. e4 Rxd5 27. exd5 Qd6 28. a4 b5 29. axb5 axb5 30. Qc3 Rb8 31. h4 Ra8 32. Qd3 Rb8 33. Qc3 Rc8 34. Qd3 Rb8 35. Qc3 Rc8 36. Qd3 Rb8 1/2-1/2

[Event "Novi Sad Serbia op-A"]
[Site "Novi Sad"]
[Date "2022.06.30"]
[Round "3"]
[White "Isha, Sharma"]
[Black "Margarido, Jose Miguel Teixeir"]
[Result "1-0"]
[WhiteElo "2234"]
[BlackElo "2120"]
[PlyCount "117"]
[EventDate "2022.06.28"]
[EventType "swiss"]
[EventRounds "9"]
[EventCountry "SRB"]
[SourceTitle "EXT 2023"]
[Source "ChessBase"]
[SourceDate "2022.10.05"]
[SourceVersion "1"]
[SourceVersionDate "2022.10.05"]
[SourceQuality "1"]

1. e4 c5 2. Nf3 e6 3. d4 cxd4 4. Nxd4 Nc6 5. Nc3 a6 6. Nxc6 bxc6 7. Bd3 d5 8. 0-0 Nf6 9. Re1 Be7 10. e5 Nd7 11. Qg4 Kf8 12. Bf4 h5 13. Qf3 g6 14. Nd1 Bb7 15. c4 Kg7 16. Nc3 d4 17. Ne2 Qb6 18. Be4 Nc5 19. Qa3 Rhd8 20. Bf3 a5 21. Red1 d3 22. Nc3 Rd7 23. Be3 Qb4 24. Qxb4 axb4 25. Ne4 Ra5 26. Nd2 Ra8 27. Rdb1 Na4 28. Nb3 c5 29. Bd1 Bc6 30. a3 Rb7 31. axb4 cxb4 32. Nd4 Bd7 33. Bf3 Rab8 34. Nc6 Bxc6 35. Bxc6 Nc5 36. Bxb7 Rxb7 37. Rd1 Nb3 38. Ra7 Rxa7 39. Bxa7 Bc5 40. Rxd3 Bxa7 41. Rxb3 Bc5 42. Rd3 g5 43. b3 Kg6 44. Rd7 Kf5 45. Rxf7+ Kxe5 46. Rd7 Ke4 47. Kf1 Bd4 48. Ke2 h4 49. f3+ Ke5 50. g3 Bg1 51. gxh4 gxh4 52. Rh7 Bxh2 53. Rh5+ Kd6 54. Rxh4 Be5 55. Kd3 Bc3 56. Rh5 Kc6 57. Rb5 Kd6 58. Rb6+ Kd7 59. c5 1-0

[Event "Famalicao op 8th"]
[Site "Vila Nova de Famalicao"]
[Date "2021.07.27"]
[Round "3"]
[White "Margarido, Jose Miguel Teixeir"]
[Black "Peng, Li Min"]
[Result "0-1"]
[WhiteElo "2112"]
[BlackElo "2474"]
[PlyCount "60"]
[EventDate "2021.07.26"]
[EventType "swiss"]
[EventRounds "9"]
[EventCountry "POR"]
[SourceTitle "CBM 203 Extra"]
[Source "ChessBase"]
[SourceDate "2021.09.30"]
[SourceVersion "1"]
[SourceVersionDate "2021.09.30"]
[SourceQuality "1"]

1. d4 Nf6 2. c4 e6 3. Nf3 c5 4. d5 d6 5. Nc3 exd5 6. cxd5 g6 7. Bf4 Bg7 8. Qa4+ Bd7 9. Qb3 0-0 10. e3 Bc8 11. Be2 Nh5 12. Bg5 f6 13. Bh4 g5 14. Nd2 gxh4 15. Bxh5 f5 16. 0-0 Nd7 17. f4 b5 18. Rfe1 Rb8 19. Qc2 c4 20. Be2 Qb6 21. Bf1 Nf6 22. Nf3 Re8 23. Qf2 Qc5 24. a3 Ng4 25. Qxh4 Rxe3 26. Rxe3 Qxe3+ 27. Kh1 Nf2+ 28. Kg1 Ne4+ 29. Kh1 Bf6 30. Re1 Qb6 0-1

[Event "Figueira da Foz op 14th"]
[Site "Figueira da Foz"]
[Date "2020.10.25"]
[Round "2"]
[White "Margarido, Jose Miguel Teixeir"]
[Black "Batsiashvili, Nino"]
[Result "0-1"]
[WhiteElo "2138"]
[BlackElo "2467"]
[PlyCount "98"]
[EventDate "2020.10.24"]
[EventType "swiss"]
[EventRounds "9"]
[EventCountry "POR"]
[SourceTitle "CBM 199 Extra"]
[Source "ChessBase"]
[SourceDate "2021.01.31"]
[SourceVersion "1"]
[SourceVersionDate "2021.01.31"]
[SourceQuality "1"]

1. d4 Nf6 2. c4 e6 3. Nf3 d5 4. g3 dxc4 5. Bg2 Bb4+ 6. Bd2 a5 7. Qc2 c5 8. Qxc4 Nc6 9. dxc5 Qd5 10. Qxd5 exd5 11. Bxb4 axb4 12. Nbd2 Be6 13. Nb3 Ke7 14. 0-0 Ra6 15. a3 bxa3 16. Rxa3 Rxa3 17. bxa3 Ra8 18. Ra1 Ra4 19. e3 Ne4 20. Bf1 Na5 21. Nfd4 Bd7 22. f3 Nc3 23. c6 Nxc6 24. Nc5 Ra7 25. Nxd7 Kxd7 26. Nb5 Nxb5 27. Bxb5 Kd6 28. a4 Ra5 29. Kf2 Na7 30. Bd3 b5 31. Bc2 Nc6 32. Bb3 f5 33. f4 b4 34. Rc1 Rc5 35. Rxc5 Kxc5 36. Ke2 Na5 37. Bc2 g6 38. Kd3 b3 39. Bb1 Kb4 40. Kd4 Nc4 41. h4 h5 42. a5 Kxa5 43. Bd3 Kb4 44. Kxd5 Nxe3+ 45. Ke5 Kc3 46. Bb1 Nc4+ 47. Kf6 Nd2 48. Kxg6 Nxb1 49. Kxh5 b2 0-1

[Event "Figueira da Foz op 14th"]
[Site "Figueira da Foz"]
[Date "2020.10.24"]
[Round "1"]
[White "Fernandes, Rui Miguel"]
[Black "Margarido, Jose Miguel Teixeir"]
[Result "0-1"]
[WhiteElo "1027"]
[BlackElo "2138"]
[PlyCount "74"]
[EventDate "2020.10.24"]
[EventType "swiss"]
[EventRounds "9"]
[EventCountry "POR"]
[SourceTitle "CBM 199 Extra"]
[Source "ChessBase"]
[SourceDate "2021.01.31"]
[SourceVersion "1"]
[SourceVersionDate "2021.01.31"]
[SourceQuality "1"]

1. d4 Nf6 2. c4 e6 3. Nc3 Bb4 4. Qc2 c5 5. Bg5 cxd4 6. a3 Be7 7. Ne4 0-0 8. Nf3 Nc6 9. Nfd2 d5 10. c5 Nxe4 11. Bxe7 Qxe7 12. Nxe4 dxe4 13. Qxe4 Qxc5 14. g3 Qa5+ 15. Kd1 e5 16. Rc1 Be6 17. Qd3 e4 18. Qd2 Qf5 19. Qf4 Bb3+ 20. Ke1 Qa5+ 21. Qd2 Qb6 22. Bg2 e3 23. Qd3 Ne5 24. Qe4 exf2+ 25. Kxf2 d3+ 26. e3 d2 27. Qxe5 dxc1Q 28. Rxc1 Rad8 29. Qc3 Rfe8 30. Re1 Bd5 31. Bxd5 Rxd5 32. Re2 Rf5+ 33. Ke1 Rc5 34. Qd4 Rc1+ 35. Kf2 Qxd4 36. exd4 Rxe2+ 37. Kxe2 Rc2+ 0-1

[Event "POR-chT"]
[Site "Penafiel"]
[Date "2020.08.25"]
[Round "5.4"]
[White "Galego, Luis"]
[Black "Margarido, Jose Miguel Teixeir"]
[Result "1/2-1/2"]
[WhiteElo "2485"]
[BlackElo "2129"]
[PlyCount "142"]
[EventDate "2020.08.22"]
[EventType "team-tourn"]
[EventRounds "9"]
[EventCountry "POR"]
[SourceTitle "CBM 198 Extra"]
[Source "ChessBase"]
[SourceDate "2020.11.30"]
[SourceVersion "1"]
[SourceVersionDate "2020.11.30"]
[SourceQuality "1"]
[WhiteTeam "Assembleia Figueirense"]
[BlackTeam "Profi Gaia/Escola Profiss"]
[WhiteTeamCountry "POR"]
[BlackTeamCountry "POR"]

1. d4 Nf6 2. Nf3 d5 3. c4 e6 4. g3 Bb4+ 5. Bd2 Be7 6. Bg2 c6 7. Qc2 0-0 8. 0-0 Nbd7 9. cxd5 exd5 10. Nc3 Re8 11. Bf4 Bf8 12. Rad1 Nb6 13. Rfe1 Bg4 14. Ne5 Bh5 15. Bg5 Qd6 16. Qf5 Nfd7 17. Bf4 Bg6 18. Nxg6 Qxg6 19. Qxg6 hxg6 20. Rd3 Nf6 21. f3 Rad8 22. g4 Bd6 23. Bc1 a6 24. g5 Nfd7 25. f4 f5 26. gxf6 gxf6 27. f5 g5 28. Bf3 Kg7 29. Kg2 Bc7 30. h3 Re7 31. b3 Rde8 32. Bh5 Rh8 33. Ba3 Re4 34. Bf3 Ree8 35. Bg4 Bf4 36. e3 Bc7 37. Rc1 Bd8 38. Rc2 Be7 39. Bc1 Bb4 40. Ne2 Nc8 41. Ng3 Nd6 42. Rd1 Ne4 43. Nxe4 Rxe4 44. Re2 Nb6 45. a3 Bd6 46. Rde1 Re7 47. Kf3 Re4 48. Rg2 Nc8 49. Rh1 Rh4 50. Ke2 Re8 51. Kd3 Bc7 52. Bd2 Reh8 53. Be1 R4h7 54. Rf1 Kf8 55. Rff2 Nd6 56. Rc2 Ke8 57. a4 Kd8 58. Rg1 Re8 59. Rh1 Reh8 60. Rf1 Ne4 61. Rf3 Kd7 62. b4 Nd6 63. Rf1 Re8 64. Bd2 Rhe7 65. Rf3 Rh7 66. Be1 Nc4 67. a5 Nd6 68. Rf1 Ne4 69. Rg2 Rg8 70. Rh1 Rgh8 71. Ke2 Bd6 1/2-1/2

[Event "Villa de Gijon op 5th"]
[Site "Gijon"]
[Date "2019.07.22"]
[Round "1"]
[White "Margarido, Jose Miguel Teixeir"]
[Black "Ortiz Suarez, Isan Reynaldo"]
[Result "0-1"]
[WhiteElo "2150"]
[BlackElo "2533"]
[PlyCount "124"]
[EventDate "2019.07.22"]
[EventType "swiss"]
[EventRounds "9"]
[EventCountry "ESP"]
[SourceTitle "CBM 191 Extra"]
[Source "ChessBase"]
[SourceDate "2019.09.30"]
[SourceVersion "1"]
[SourceVersionDate "2019.09.30"]
[SourceQuality "1"]

1. e4 c5 2. Nf3 d6 3. Bb5+ Nd7 4. d4 cxd4 5. Qxd4 a6 6. Bxd7+ Bxd7 7. Nc3 Rc8 8. e5 dxe5 9. Nxe5 Nf6 10. Bf4 Bc6 11. Nxc6 Rxc6 12. 0-0-0 Qxd4 13. Rxd4 e6 14. Rhd1 Be7 15. f3 h5 16. a4 h4 17. Bd6 Rh5 18. Bxe7 Kxe7 19. R1d2 Rh8 20. Kd1 Rc7 21. Ke2 g5 22. Nd1 Nh5 23. Ne3 h3 24. g4 Nf4+ 25. Kf2 b5 26. a5 Rhc8 27. Rd6 Rc6 28. Rd7+ Kf6 29. c3 R8c7 30. Rd8 Ke7 31. R8d4 Rc5 32. Rd6 Ra7 33. R6d4 Rb7 34. Kg3 Re5 35. Kf2 Kf6 36. Rd1 Rc7 37. R1d2 Ke7 38. Rd1 Ng6 39. Rd6 Ra7 40. R1d2 Rc5 41. Rd8 Ne5 42. Rg8 Nc4 43. Nxc4 bxc4 44. Rb8 Rxa5 45. Kg3 Rb5 46. Rxb5 axb5 47. Kxh3 Ra2 48. Kg3 b4 49. Rd4 Rxb2 50. Rxc4 b3 51. Rb4 Rb1 52. h4 b2 53. Kg2 gxh4 54. f4 Kd6 55. Rd4+ Kc5 56. Rb4 Kc6 57. Rc4+ Kb5 58. Rb4+ Kc5 59. g5 Kc6 60. Rb8 Kd5 61. Rb4 Kc5 62. Kh2 h3 0-1